|
|
|
|
| LEADER |
00000nta a2200000 i 4500 |
| 001 |
dolg4455 |
| 005 |
20160526150943.0 |
| 008 |
151211suuuu hu om 000 hun d |
| 040 |
|
|
|a BGE Dolgozattár Repozitórium
|b hun
|
| 041 |
|
|
|a hu
|
| 100 |
1 |
|
|a Kalmár Brigitta
|
| 245 |
1 |
0 |
|a Munka és család egyensúlya a Robert Bosch Kft.-nél
|c Kalmár Brigitta
|h [elektronikus dokumentum]
|
| 695 |
|
|
|a Munka-magánélet egyensúlya
|
| 695 |
|
|
|a Családtámogatás
|
| 700 |
1 |
|
|a Pirisi Károly
|e ths
|
| 856 |
4 |
0 |
|u http://dolgozattar.uni-bge.hu/4455/1/Kalm%C3%A1r%20Brigitta%20-%20Munka%20%C3%A9s%20csal%C3%A1d%20egyens%C3%BAlya%20Robert%20Bosch%20Kft.-n%C3%A9l.pdf
|z Dokumentum-elérés
|